<?xml version="1.0" encoding="UTF-8"?>
<record
    xmlns:xsi="http://www.w3.org/2001/XMLSchema-instance"
    xsi:schemaLocation="http://www.loc.gov/MARC21/slim http://www.loc.gov/standards/marcxml/schema/MARC21slim.xsd"
    xmlns="http://www.loc.gov/MARC21/slim">

  <leader>00740nam a22002297a 4500</leader>
  <controlfield tag="003">DO-SdBNP</controlfield>
  <controlfield tag="005">20211019144408.0</controlfield>
  <controlfield tag="007">ta</controlfield>
  <controlfield tag="008">211019b2019    dr a|||| |||| 00| 0 spa d</controlfield>
  <datafield tag="020" ind1=" " ind2=" ">
    <subfield code="a"> 9781973483267</subfield>
  </datafield>
  <datafield tag="040" ind1=" " ind2=" ">
    <subfield code="a">DO-SdBNP</subfield>
    <subfield code="b">spa</subfield>
    <subfield code="c">BNPHU</subfield>
  </datafield>
  <datafield tag="082" ind1=" " ind2="4">
    <subfield code="b">O77a</subfield>
    <subfield code="2">22</subfield>
  </datafield>
  <datafield tag="100" ind1="1" ind2=" ">
    <subfield code="a">Oviedo, Pedro, </subfield>
    <subfield code="d">1947-</subfield>
    <subfield code="9">80271</subfield>
  </datafield>
  <datafield tag="245" ind1="1" ind2="0">
    <subfield code="a">&#xC1;ngeles en Constanza /</subfield>
    <subfield code="c">Pedro Oviedo ; pr&#xF3;logo, David Ricardo Pimentel L&#xF3;pez.</subfield>
  </datafield>
  <datafield tag="260" ind1=" " ind2=" ">
    <subfield code="a">Santo Domingo </subfield>
    <subfield code="b">Poetas de la Era, </subfield>
    <subfield code="c">2019.</subfield>
  </datafield>
  <datafield tag="300" ind1=" " ind2=" ">
    <subfield code="a">181 p. : </subfield>
    <subfield code="b">il. ; </subfield>
    <subfield code="c">23 cm. </subfield>
  </datafield>
  <datafield tag="500" ind1=" " ind2=" ">
    <subfield code="a">Incluye datos biogr&#xE1;ficos del autor en la  p&#xE1;gina 181.</subfield>
  </datafield>
  <datafield tag="590" ind1=" " ind2=" ">
    <subfield code="a">Inventariado, 2021 /LP
</subfield>
  </datafield>
  <datafield tag="700" ind1="1" ind2=" ">
    <subfield code="a">Pimentel L&#xF3;pez, David Ricardo,</subfield>
    <subfield code="e">pr&#xF3;logo</subfield>
    <subfield code="9">80272</subfield>
  </datafield>
  <datafield tag="910" ind1=" " ind2=" ">
    <subfield code="a">Lop&#xE9;rez</subfield>
  </datafield>
  <datafield tag="942" ind1=" " ind2=" ">
    <subfield code="2">ddc</subfield>
    <subfield code="c">LBS1</subfield>
  </datafield>
  <datafield tag="952" ind1=" " ind2=" ">
    <subfield code="0">0</subfield>
    <subfield code="1">0</subfield>
    <subfield code="2">ddc</subfield>
    <subfield code="5">3</subfield>
    <subfield code="7">0</subfield>
    <subfield code="8">PD</subfield>
    <subfield code="a">BNPHU</subfield>
    <subfield code="b">BNPHU</subfield>
    <subfield code="c">HD</subfield>
    <subfield code="d">2021-10-19</subfield>
    <subfield code="e">Dep&#xF3;sito Legal </subfield>
    <subfield code="l">0</subfield>
    <subfield code="o">BNPHU PD O77a</subfield>
    <subfield code="p">2021-27474</subfield>
    <subfield code="r">2021-10-19</subfield>
    <subfield code="w">2021-10-19</subfield>
    <subfield code="y">LBS1</subfield>
  </datafield>
  <datafield tag="952" ind1=" " ind2=" ">
    <subfield code="0">0</subfield>
    <subfield code="1">0</subfield>
    <subfield code="2">ddc</subfield>
    <subfield code="5">3</subfield>
    <subfield code="7">0</subfield>
    <subfield code="8">PD</subfield>
    <subfield code="a">BNPHU</subfield>
    <subfield code="b">BNPHU</subfield>
    <subfield code="c">HD</subfield>
    <subfield code="d">2021-10-19</subfield>
    <subfield code="e">Dep&#xF3;sito Legal </subfield>
    <subfield code="l">0</subfield>
    <subfield code="o">BNPHU PD O77a</subfield>
    <subfield code="p">2021-27475</subfield>
    <subfield code="r">2021-10-19</subfield>
    <subfield code="t">e.2</subfield>
    <subfield code="w">2021-10-19</subfield>
    <subfield code="y">LBS1</subfield>
  </datafield>
  <datafield tag="952" ind1=" " ind2=" ">
    <subfield code="0">0</subfield>
    <subfield code="1">0</subfield>
    <subfield code="2">ddc</subfield>
    <subfield code="7">5</subfield>
    <subfield code="8">DS</subfield>
    <subfield code="a">BNPHU</subfield>
    <subfield code="b">BNPHU</subfield>
    <subfield code="c">CT</subfield>
    <subfield code="d">2021-10-19</subfield>
    <subfield code="e">Dep&#xF3;sito Legal </subfield>
    <subfield code="l">0</subfield>
    <subfield code="o">BNPHU  DS O77a</subfield>
    <subfield code="p">2021-27476</subfield>
    <subfield code="r">2021-10-19</subfield>
    <subfield code="t">e.3</subfield>
    <subfield code="w">2021-10-19</subfield>
    <subfield code="y">LBS1</subfield>
  </datafield>
  <datafield tag="952" ind1=" " ind2=" ">
    <subfield code="0">0</subfield>
    <subfield code="1">0</subfield>
    <subfield code="2">ddc</subfield>
    <subfield code="7">5</subfield>
    <subfield code="8">DS</subfield>
    <subfield code="a">BNPHU</subfield>
    <subfield code="b">BNPHU</subfield>
    <subfield code="c">CT</subfield>
    <subfield code="d">2022-03-01</subfield>
    <subfield code="e">Donaci&#xF3;n</subfield>
    <subfield code="l">0</subfield>
    <subfield code="o">BNPHU DS O77a</subfield>
    <subfield code="p">2022-0814</subfield>
    <subfield code="r">2022-03-01</subfield>
    <subfield code="t">e.4</subfield>
    <subfield code="w">2022-03-01</subfield>
    <subfield code="y">LBS1</subfield>
  </datafield>
  <datafield tag="952" ind1=" " ind2=" ">
    <subfield code="0">0</subfield>
    <subfield code="1">0</subfield>
    <subfield code="2">ddc</subfield>
    <subfield code="7">5</subfield>
    <subfield code="8">DS</subfield>
    <subfield code="a">BNPHU</subfield>
    <subfield code="b">BNPHU</subfield>
    <subfield code="c">CT</subfield>
    <subfield code="d">2022-03-01</subfield>
    <subfield code="e">Donaci&#xF3;n</subfield>
    <subfield code="l">0</subfield>
    <subfield code="o">BNPHU DS O77a</subfield>
    <subfield code="p">2022-0815</subfield>
    <subfield code="r">2022-03-01</subfield>
    <subfield code="t">e.5</subfield>
    <subfield code="w">2022-03-01</subfield>
    <subfield code="y">LBS1</subfield>
  </datafield>
  <datafield tag="999" ind1=" " ind2=" ">
    <subfield code="c">50779</subfield>
    <subfield code="d">50779</subfield>
  </datafield>
</record>
